Gregg shorthand for colleges (Record no. 14203)

MARC details
000 -LEADER
fixed length control field 00519nam a22001817a 4500
003 - CONTROL NUMBER IDENTIFIER
control field URS
005 - DATE AND TIME OF LATEST TRANSACTION
control field 20220114171559.0
008 - FIXED-LENGTH DATA ELEMENTS--GENERAL INFORMATION
fixed length control field 170324b xxu||||| |||| 00| 0 eng d
020 ## - INTERNATIONAL STANDARD BOOK NUMBER
International Standard Book Number 9710803662
050 ## - LIBRARY OF CONGRESS CALL NUMBER
Classification number Z56
Item number G833.G74
100 ## - MAIN ENTRY--PERSONAL NAME
Personal name Leslie, Louis A.
Relator code author
245 ## - TITLE STATEMENT
Title Gregg shorthand for colleges
Statement of responsibility, etc. Louis A. Leslie
260 ## - PUBLICATION, DISTRIBUTION, ETC.
Place of publication, distribution, etc. New York:
Name of publisher, distributor, etc. McGraw-Hill,
Date of publication, distribution, etc. 1976
300 ## - PHYSICAL DESCRIPTION
Extent 352 pages;
Dimensions 24 cm.
490 ## - SERIES STATEMENT
Series statement Diamond jubilee series
500 ## - GENERAL NOTE
General note First Edition by LA Leslie, E. Zoubeck and RJ
942 ## - ADDED ENTRY ELEMENTS (KOHA)
Koha item type Foreign Books
Source of classification or shelving scheme Library of Congress Classification
Holdings
Withdrawn status Source of classification or shelving scheme Damaged status Not for loan Collection code Home library Current library Shelving location Date acquired Total Checkouts Full call number Barcode Date last seen Price effective from Koha item type
  Library of Congress Classification     Non-fiction Binangonan College Library Binangonan College Library Foreign Section 06/07/2023   Z56 G833.G74 URSBIN-0190 03/08/2016 09/11/2019 Foreign Books

University of Rizal System
Email us at univlibservices@urs.edu.ph

Visit our Website www.urs.edu.ph/library